<?xml version='1.0' encoding='UTF-8'?>
  <record xmlns="http://www.loc.gov/MARC21/slim">
    <leader>00000cam a22000007i 4500</leader>
    <controlfield tag="001">ocm65536874</controlfield>
    <controlfield tag="003">OCoLC</controlfield>
    <controlfield tag="005">20250821003344.6</controlfield>
    <controlfield tag="008">900417s1698    ne            000 0 dut d</controlfield>
    <datafield tag="040" ind1=" " ind2=" ">
      <subfield code="a">NLGGC</subfield>
      <subfield code="b">dut</subfield>
      <subfield code="e">fobidrtb</subfield>
      <subfield code="c">NLGGC</subfield>
      <subfield code="d">OCLCO</subfield>
      <subfield code="d">OCLCL</subfield>
      <subfield code="d">OCLCQ</subfield>
    </datafield>
    <datafield tag="029" ind1="0" ind2=" ">
      <subfield code="a">NLGGC</subfield>
      <subfield code="b">082897247</subfield>
    </datafield>
    <datafield tag="035" ind1=" " ind2=" ">
      <subfield code="a">(OCoLC)65536874</subfield>
    </datafield>
    <datafield tag="100" ind1="1" ind2=" ">
      <subfield code="a">Solingen, Cornelis,</subfield>
      <subfield code="d">1641-1687.</subfield>
      <subfield code="1">https://id.oclc.org/worldcat/entity/E39PBJtmv37mW73XVTyrRtTrbd</subfield>
    </datafield>
    <datafield tag="245" ind1="1" ind2="0">
      <subfield code="a">Alle de medicinale en chirurgicale werken mitsgaders Embryulcia Vera, beneffens het ampt en pligt der vroed-vrouwen, en bijsondere aanmerkingen de vrouwen en kinderen betreffende, :</subfield>
      <subfield code="b">ofte ware oeffeningen der doode vruchten /</subfield>
      <subfield code="c">van den heer Cornelis Solingen.</subfield>
    </datafield>
    <datafield tag="250" ind1=" " ind2=" ">
      <subfield code="a">Zynde dit werk merkelyk vermeerdert, van veele drukfouten en duysterheden gesuyvert, met veele nieuwe curieuse platen, en nieuwe registers verrykt.</subfield>
    </datafield>
    <datafield tag="260" ind1=" " ind2=" ">
      <subfield code="a">t'Amsterdam :</subfield>
      <subfield code="b">by Jan ten Hoorn,</subfield>
      <subfield code="c">1698.</subfield>
    </datafield>
    <datafield tag="300" ind1=" " ind2=" ">
      <subfield code="a">[28], 396, [20], 448, [12] p., [20] bl. pl. :</subfield>
      <subfield code="b">ill. ;</subfield>
      <subfield code="c">in-4.</subfield>
    </datafield>
    <datafield tag="336" ind1=" " ind2=" ">
      <subfield code="a">tekst</subfield>
      <subfield code="b">txt</subfield>
      <subfield code="2">rdacontent/dut</subfield>
    </datafield>
    <datafield tag="337" ind1=" " ind2=" ">
      <subfield code="a">zonder medium</subfield>
      <subfield code="b">n</subfield>
      <subfield code="2">rdamedia/dut</subfield>
    </datafield>
    <datafield tag="338" ind1=" " ind2=" ">
      <subfield code="a">band</subfield>
      <subfield code="b">nc</subfield>
      <subfield code="2">rdacarrier/dut</subfield>
    </datafield>
    <datafield tag="510" ind1="0" ind2=" ">
      <subfield code="a">BMN 1: 61</subfield>
    </datafield>
    <datafield tag="530" ind1=" " ind2=" ">
      <subfield code="a">Titel is geselecteerd voor digitalisering voor de Universiteit van Amsterdam in het kader van het Google Books-project.</subfield>
    </datafield>
    <datafield tag="710" ind1="0" ind2=" ">
      <subfield code="a">Hoorn, Jan Claesz ten (Amsterdam)</subfield>
      <subfield code="4">prt</subfield>
      <subfield code="0">(NL-LeOCL)077134184</subfield>
    </datafield>
    <datafield tag="776" ind1="0" ind2=" ">
      <subfield code="t">Alle de medicinale en chirurgicale werken mitsgaders Embryulcia Vera, beneffens het ampt en pligt der vroed-vrouwen, en bijsondere aanmerkingen de vrouwen en kinderen betreffende,</subfield>
      <subfield code="w">(NL-LeOCL)404349730</subfield>
    </datafield>
    <datafield tag="776" ind1="0" ind2=" ">
      <subfield code="t">Alle de medicinale en chirurgicale werken mitsgaders Embryulcia Vera, beneffens het ampt en pligt der vroed-vrouwen, en bijsondere aanmerkingen de vrouwen en kinderen betreffende,</subfield>
      <subfield code="w">(NL-LeOCL)406966117</subfield>
    </datafield>
    <datafield tag="936" ind1=" " ind2=" ">
      <subfield code="a">BATCHLOAD</subfield>
    </datafield>
  </record>